| 000 | 00719nam a22002534a 4500 | ||
|---|---|---|---|
| 999 |
_c142252 _d142252 |
||
| 003 | UPN | ||
| 005 | 20220623063534.0 | ||
| 008 | 991125s2004 es g 000 f spa d | ||
| 020 | _a8420656631 | ||
| 035 | _aUPN01000170146 | ||
| 040 |
_aUPN _bspa _cUPN |
||
| 049 | _aCG | ||
| 050 | 4 |
_aPQ4841 A4 _bT5.3 |
|
| 100 | 1 |
_aSalgari, Emilio, _d1862-1911 |
|
| 245 | 1 | 4 |
_aLos tigres de Mompracem / _cEmilio Salgari ; tr. Antonio Colinas. |
| 260 |
_aMadrid : _bAlianza, _c2004. |
||
| 300 | _a366 p. | ||
| 490 |
_aBiblioteca temática ; _v8068 |
||
| 534 |
_pTítulo original: _tLe tigri di Mompracem |
||
| 650 | 0 |
_aAventuras y aventureros _94121 |
|
| 650 | 0 |
_aNovela italiana _95076 |
|
| 905 | _aLibro | ||
| 942 |
_2lcc _cLIBRO |
||